000 00698nam a2200205Ia 4500
003 GCL
008 140319s9999 xx 000 0 ara d
040 _aGCL /
_cGCL
082 0 4 _a720.92
_bح ر
100 1 _aحيان جواد صيداوى
245 1 0 _aرينزو بيانو /
_cحيان جواد صيداوى
250 _aالاولى
260 _aبيروت :
_bدار قابس للطباعة والنشر والتوزيع ،
_c2004
300 _a208 ص ؛
_c16 سم
490 _aسلسلة مشاهير الفكر الهندسى المعمارى
_v0
650 0 4 _aالمعماريون
650 0 4 _aالعمارة - تراجم
650 0 4 _aبيانو، رينزو
942 _2ddc
_cBK
999 _c6392
_d6392